00374nam a22001337a 450000500170000000800410001704100130005808200120007110000130008324500400009626000470013630000310018365000260021420240701124548.0240701b |||||||| |||| 00| 0 eng d aEnglish  a349 ANN lEnglish  aAnnual Survey of South African Law  aCape Town: bJuta and Company Ltd, c1977  bxlvii, 633 pages; c25 cm. aLegal practice bLaw